| 000 | 00536nam a2200193 a 4500 | ||
|---|---|---|---|
| 005 | 20140310183244.0 | ||
| 008 | 040802s19uu xx 00 eng d | ||
| 020 | _a9812523244 | ||
| 050 |
_aTK 7868.L6 _b.R67 2004 |
||
| 100 | _aRoth, Charles H. Jr. | ||
| 245 |
_aFundamentals of Logic Design /. _cCharles H. Roth jr. |
||
| 260 |
_aAustralia : _bThomson Learning, _c2004. |
||
| 300 |
_a687 p. : _bill. ; _c25 cm. |
||
| 521 | _aIT | ||
| 650 | _aLogic circuits. | ||
| 650 | _aLogic design. | ||
| 942 |
_cBK _2lcc _kFOR |
||
| 999 |
_c20654 _d20654 |
||